[Event "Spring Open 2024"]
[Site "?"]
[Date "2024.02.17"]
[Round "2"]
[White "Di-Vetta, Andrew"]
[Black "Tapp, James"]
[Result "0-1"]
[WhiteElo "1643"]
[BlackElo "1991"]
[PlyCount "94"]
[SourceVersionDate "2024.04.13"]

1. Nf3 d5 2. g3 Nf6 3. Bg2 Bf5 4. c3 c6 5. d3 Nbd7 6. Nh4 Bg4 7. h3 Bh5 8. g4 Bg6 9. f4 e6 10. Nd2 Ng8 11. Ndf3 Be7 12. Nxg6 hxg6 13. Be3 Ngf6 14. Qc2 Qc7 15. O-O-O Bd6 16. Qd2 O-O-O 17. Ng5 Rdf8 18. Rhf1 Bc5 19. d4 Bd6 20. Qc2 Nh7 21. Nxh7 Rxh7 22. f5 gxf5 23. gxf5 e5 24. f6 g6 25. Bg5 e4 26. h4 Bg3 27. Rh1 Rfh8 28. Rdf1 Bxh4 29. Bf4 Qa5 30. Kb1 Bxf6 31. e3 Bd8 32. Qe2 Rxh1 33. Rxh1 Rxh1+ 34. Bxh1 Bc7 35. Bh6 Bd6 36. Bg2 Qd8 37. Qf2 f5 38. Bf4 Bxf4 39. Qxf4 Qf6 40. Bh3 Qh8 41. Qg3 Qh5 42. Kc2 Qe2+ 43. Kc1 Qf3 44. Qxf3 exf3 45. Kd1 Nf6 46. b3 Ne4 47. Kc2 f2 0-1

[Event "Spring Open 2024"]
[Site "?"]
[Date "2024.02.17"]
[Round "2"]
[White "Cave, Iwan"]
[Black "Lewis, David"]
[Result "1-0"]
[WhiteElo "1971"]
[BlackElo "1613"]
[PlyCount "62"]
[SourceVersionDate "2024.04.13"]

1. Nf3 d5 2. c4 c6 3. d4 Nf6 4. e3 e6 5. b3 Bd6 6. Bd3 Nbd7 7. Nbd2 O-O 8. Bb2 Bc7 9. O-O Re8 10. Qc2 e5 11. cxd5 cxd5 12. Rac1 Bd6 13. dxe5 Nxe5 14. Nxe5 Bxe5 15. Bxe5 Rxe5 16. Nf3 Re7 17. h3 h6 18. Nd4 Ne4 19. Rfd1 a6 20. b4 Re8 21. Bxe4 Rxe4 22. Qc7 Re8 23. Nb3 Qg5 24. Kh1 Qh4 25. Kg1 Qxb4 26. Rxd5 Be6 27. Rd4 Qe7 28. Rd2 Qxc7 29. Rxc7 b5 30. Nd4 Rac8 31. Nxe6 Rxe6 1-0

[Event "Spring Open 2024"]
[Site "?"]
[Date "2024.02.17"]
[Round "2"]
[White "Morgans, Justin"]
[Black "Rathbone-Jones, Ifan"]
[Result "0-1"]
[WhiteElo "1626"]
[BlackElo "1941"]
[PlyCount "58"]
[SourceVersionDate "2024.04.13"]

1. d4 d5 2. Nf3 Nf6 3. Bg5 e6 4. e3 Be7 5. Bd3 a6 6. O-O Nbd7 7. Nbd2 c5 8. c3 O-O 9. Rc1 b5 10. a4 c4 11. Be2 Bb7 12. b4 a5 13. bxa5 b4 14. cxb4 Bxb4 15. Ne5 Qxa5 16. Ndxc4 dxc4 17. Nxc4 Qxg5 18. f3 Bd5 19. e4 Bxc4 20. Rxc4 Bd2 21. Kh1 Be3 22. Qc2 Nh5 23. g4 Nf4 24. Ra1 Qh4 25. Bf1 Nb6 26. Rb4 Rfc8 27. Qa2 Rxa4 28. Rxa4 Nxa4 29. Qxa4 Qf2 0-1

[Event "Spring Open 2024"]
[Site "?"]
[Date "2024.02.17"]
[Round "2"]
[White "Jukes, Sam"]
[Black "Shreyas, Ghorpade"]
[Result "1-0"]
[WhiteElo "1891"]
[BlackElo "1599"]
[PlyCount "101"]
[SourceVersionDate "2024.04.13"]

1. e4 c6 2. d4 d5 3. Nc3 dxe4 4. Nxe4 Nf6 5. Nxf6+ exf6 6. c3 Bd6 7. Bd3 O-O 8. Qc2 Re8+ 9. Ne2 h5 10. O-O Nd7 11. Nf4 Bxf4 12. Bxf4 Nb6 13. Bd2 Qc7 14. b4 Bd7 15. a4 Nd5 16. f4 Ne3 17. Bxe3 Rxe3 18. Rae1 Rae8 19. Rxe3 Rxe3 20. Qd2 Re7 21. g3 Bg4 22. Re1 b6 23. c4 Kf8 24. Kf2 Qd6 25. Rxe7 Kxe7 26. Qe3+ Kf8 27. b5 c5 28. dxc5 Qxc5 29. Qxc5+ bxc5 30. a5 Bc8 31. a6 Ke7 32. Be4 Bxa6 33. bxa6 Kd6 34. Bd5 Ke7 35. f5 g5 36. h3 Ke8 37. Bf3 h4 38. gxh4 Kf8 39. hxg5 fxg5 40. f6 Kg8 41. Be4 Kf8 42. Kf3 Ke8 43. Kg4 Kf8 44. Kxg5 Kg8 45. Bg6 Kh8 46. Bxf7 Kh7 47. Bd5 Kh8 48. Bg8 Kxg8 49. Kg6 Kh8 50. h4 Kg8 51. f7+ 1-0

[Event "Spring Open 2024"]
[Site "?"]
[Date "2024.02.17"]
[Round "2"]
[White "Westcott, Dale"]
[Black "Turner, Joseph David"]
[Result "1/2-1/2"]
[WhiteElo "1613"]
[BlackElo "1847"]
[PlyCount "54"]
[SourceVersionDate "2024.04.16"]

1. Nf3 Nf6 2. g3 g6 3. b3 d5 4. Bb2 Nc6 5. d4 Bg7 6. Bg2 h6 7. O-O Be6 8. Nbd2 Qd7 9. c4 Ne4 10. cxd5 Bxd5 11. Ne5 Nxe5 12. dxe5 Nxd2 13. Qxd2 Bxg2 14. Qxd7+ Kxd7 15. Kxg2 Ke6 16. f4 Rad8 17. Rfd1 f6 18. exf6 Bxf6 19. Bxf6 exf6 20. e4 c5 21. Kf3 b5 22. Rac1 Rxd1 23. Rxd1 Rc8 24. Ke3 c4 25. bxc4 Rxc4 26. Rd4 Rc3+ 27. Rd3 Rc6 1/2-1/2

[Event "Spring Open 2024"]
[Site "?"]
[Date "2024.02.17"]
[Round "2"]
[White "Havard, Gwyn"]
[Black "Evans, Andrew"]
[Result "1-0"]
[WhiteElo "1841"]
[BlackElo "1585"]
[PlyCount "49"]
[SourceVersionDate "2024.04.16"]

1. e4 d6 2. d4 Nf6 3. Bd3 e5 4. d5 c6 5. c4 g6 6. Nc3 Bg7 7. Nge2 Nbd7 8. O-O Nc5 9. h3 Nxd3 10. Qxd3 O-O 11. Be3 Qc7 12. Rad1 cxd5 13. cxd5 a6 14. f4 b5 15. fxe5 dxe5 16. d6 Qc4 17. Nd5 Qxd3 18. Nxf6+ Bxf6 19. Rxd3 Bd8 20. d7 Bb7 21. Bc5 Bxe4 22. Re3 Bxg2 23. Kxg2 Bg5 24. Rxe5 Bf6 25. Rxf6 1-0

[Event "Spring Open 2024"]
[Site "?"]
[Date "2024.02.17"]
[Round "2"]
[White "Tomaszewki, Tomasz"]
[Black "Forsey, Tomas"]
[Result "0-1"]
[WhiteElo "1834"]
[BlackElo "1502"]
[PlyCount "66"]
[SourceVersionDate "2024.04.16"]

1. e4 c5 2. d4 cxd4 3. c3 dxc3 4. Nxc3 a6 5. f4 Nc6 6. Nf3 e6 7. Be3 Bb4 8. Be2 Nf6 9. Nd2 O-O 10. O-O d5 11. e5 Ne8 12. Nf3 f6 13. Nd4 Bxc3 14. bxc3 fxe5 15. Nxc6 bxc6 16. Bc5 Rxf4 17. Rxf4 exf4 18. c4 Nf6 19. Bf3 e5 20. cxd5 cxd5 21. Be7 Qb6+ 22. Kh1 Be6 23. Bxf6 gxf6 24. Bxd5 Re8 25. Rb1 Qd6 26. Qg4+ Kh8 27. Qh5 Rb8 28. Rxb8+ Qxb8 29. Be4 Qg8 30. Qh4 Qf7 31. a3 Qg7 32. g4 Bxg4 33. Bxh7 Bf3# 0-1

[Event "Spring Open 2024"]
[Site "?"]
[Date "2024.02.17"]
[Round "2"]
[White "Dixon, Chris"]
[Black "Winter, Angus"]
[Result "1/2-1/2"]
[WhiteElo "1677"]
[BlackElo "1420"]
[PlyCount "36"]
[SourceVersionDate "2024.04.16"]

1. e4 c5 2. Nc3 e6 3. g3 d5 4. d3 Nf6 5. Bg2 dxe4 6. dxe4 Qxd1+ 7. Nxd1 Nc6 8. Ne2 Bd7 9. O-O O-O-O 10. Ne3 Bd6 11. b3 h5 12. Bb2 h4 13. Rad1 Bc7 14. a3 Rh7 15. Bxf6 gxf6 16. Rd2 Rdh8 17. Rfd1 Nb8 18. Nc4 hxg3 1/2-1/2

[Event "Spring Open 2024"]
[Site "?"]
[Date "2024.02.17"]
[Round "2"]
[White "Enoch, Kristan"]
[Black "Gale, Michael"]
[Result "1-0"]
[WhiteElo "1220"]
[BlackElo "1644"]
[PlyCount "107"]
[SourceVersionDate "2024.04.16"]

1. e4 e5 2. Nf3 Nf6 3. Nxe5 d6 4. Nf3 Nxe4 5. d4 d5 6. Bd3 Be7 7. O-O O-O 8. Re1 Bf5 9. Nbd2 Nd6 10. Nf1 Nc6 11. Bf4 Bg6 12. c3 Qd7 13. Ne3 Ne4 14. Qc2 Nf6 15. Nf5 Rfe8 16. Nxe7+ Rxe7 17. Rxe7 Qxe7 18. Qe2 Re8 19. Qxe7 Rxe7 20. Bf1 Nd8 21. Re1 Rxe1 22. Nxe1 Ne6 23. Be5 Ng4 24. Bg3 c6 25. Nd3 f6 26. Nf4 Nxf4 27. Bxf4 Kf7 28. f3 Nh6 29. g4 Ng8 30. a4 Bc2 31. a5 g5 32. Bg3 Ne7 33. h4 h6 34. hxg5 hxg5 35. b4 a6 36. f4 Kg6 37. Kf2 f5 38. Be2 fxg4 39. Bxg4 Bf5 40. Be2 Be4 41. fxg5 Kxg5 42. Bc7 Ng6 43. Kg3 Bf5 44. Bd8+ Kh6 45. Bg4 Bxg4 46. Kxg4 Nf8 47. Kf5 Kg7 48. Ke5 Kf7 49. Kd6 Ne6 50. Kd7 Nf4 51. Bh4 Ne6 52. Kc8 Ke8 53. Kxb7 Kd7 54. Kxa6 1-0

[Event "Spring Open 2024"]
[Site "?"]
[Date "2024.02.17"]
[Round "2"]
[White "Moulson, Paul"]
[Black "Richards, Benjamin"]
[Result "1-0"]
[WhiteElo "1445"]
[BlackElo "1173"]
[PlyCount "41"]
[SourceVersionDate "2024.04.16"]

1. e4 e6 2. d4 d5 3. e5 c5 4. c3 Nc6 5. Nf3 Qb6 6. Bd3 Nge7 7. O-O Nf5 8. dxc5 Bxc5 9. b4 Nxb4 10. cxb4 Qxb4 11. Bd2 Qb6 12. Nc3 a6 13. Na4 Qc6 14. Nxc5 Qxc5 15. Qb3 Qc7 16. Rac1 Qd7 17. Bxf5 exf5 18. e6 Qe7 19. exf7+ Qxf7 20. Rfe1+ Be6 21. Ng5 1-0

[Event "Spring Open 2024"]
[Site "?"]
[Date "2024.02.17"]
[Round "2"]
[White "Ramzan, Timur"]
[Black "Enoch, Stuart"]
[Result "0-1"]
[WhiteElo "1166"]
[BlackElo "1294"]
[PlyCount "70"]
[SourceVersionDate "2024.04.16"]

1. d4 Nf6 2. c4 e6 3. Nc3 Bb4 4. e3 d5 5. Nf3 dxc4 6. Bxc4 O-O 7. O-O b6 8. a3 Be7 9. e4 Bb7 10. Re1 Re8 11. Bg5 c5 12. dxc5 Qxd1 13. Raxd1 Rc8 14. Bb3 Rxc5 15. e5 Bxf3 16. gxf3 Bf8 17. Kh1 Nc6 18. Bxf6 gxf6 19. Rg1+ Kh8 20. exf6 Rf5 21. Ne4 Ne5 22. Bc2 Rxf3 23. Rg3 Rf4 24. Rdg1 Ng6 25. Rg4 Rf5 26. R1g3 Rc8 27. Ba4 Bc5 28. Kg2 Rc7 29. Rf3 Rxf3 30. Kxf3 Ne5+ 31. Kg3 Nxg4 32. Kxg4 Bxf2 33. Nxf2 Rc4+ 34. Kg5 Rxa4 35. Ne4 Rxe4 0-1

[Event "Spring Open 2024"]
[Site "?"]
[Date "2024.02.17"]
[Round "2"]
[White "Jakubiak, Krzyssztof"]
[Black "Stannard, Mike"]
[Result "1-0"]
[WhiteElo "1568"]
[BlackElo "1228"]
[PlyCount "51"]
[SourceVersionDate "2024.04.17"]

1. e4 c6 2. d4 d5 3. exd5 cxd5 4. c4 Nc6 5. cxd5 Qxd5 6. Nf3 Bg4 7. Nc3 Qa5 8. Bc4 e6 9. O-O Nf6 10. Qb3 Bxf3 11. gxf3 Nxd4 12. Qxb7 Rd8 13. Be3 Qb6 14. Bb5+ Nd7 15. Qxb6 Nxf3+ 16. Kg2 Nh4+ 17. Kh3 axb6 18. Kxh4 Be7+ 19. Kh3 O-O 20. Rfd1 Ne5 21. Bxb6 Rc8 22. a3 Nc4 23. Bxc4 Rxc4 24. Rd7 Bf6 25. a4 Rb4 26. Bc5 1-0

[Event "Spring Open 2024"]
[Site "?"]
[Date "2024.02.17"]
[Round "2"]
[White "Kong, Emma Zihan"]
[Black "Probert, Malcolm"]
[Result "1-0"]
[WhiteElo "1314"]
[BlackElo "1563"]
[PlyCount "51"]
[SourceVersionDate "2024.04.17"]

1. d4 d5 2. c4 c6 3. Nc3 Nf6 4. Nf3 g6 5. Bg5 Bg7 6. h3 Nbd7 7. e3 b6 8. cxd5 Nxd5 9. e4 Nxc3 10. bxc3 Bb7 11. Qd2 O-O 12. Bh6 Re8 13. Bxg7 Kxg7 14. Qf4 e6 15. e5 Qe7 16. Bc4 c5 17. O-O cxd4 18. cxd4 Rac8 19. Bb3 Rc3 20. Rac1 Rec8 21. Rxc3 Rxc3 22. Nh2 a5 23. Rc1 Rxc1+ 24. Qxc1 Nb8 25. Ng4 Nc6 26. Qh6+ 1-0

[Event "Spring Open 2024"]
[Site "?"]
[Date "2024.02.17"]
[Round "2"]
[White "Larg, Rochard"]
[Black "Anandkumar, Govind"]
[Result "0-1"]
[WhiteElo "1557"]
[BlackElo "1209"]
[PlyCount "140"]
[SourceVersionDate "2024.04.17"]

1. d4 Nf6 2. c4 g6 3. e3 Bg7 4. Nc3 d6 5. Nf3 Nbd7 6. Bd3 O-O 7. O-O e5 8. dxe5 Nxe5 9. Nxe5 dxe5 10. Be2 Be6 11. b3 Nd7 12. Bb2 f5 13. f3 c6 14. Qd2 Qb6 15. Na4 Qc7 16. f4 Rad8 17. Qc2 Rfe8 18. Rad1 Bh6 19. g3 Bg7 20. fxe5 Nxe5 21. Rxd8 Rxd8 22. Rd1 a6 23. Nc5 Bf7 24. Rxd8+ Qxd8 25. Nxb7 Qb6 26. Nd6 Qxe3+ 27. Kf1 Be6 28. Ne8 Bf8 29. Nc7 Bc8 30. Bxe5 Qxe5 31. Na8 Qb8 32. c5 Qxa8 33. Bc4+ Kh8 34. Qc3+ Bg7 35. Qd3 Bb7 36. Qd7 Qc8 37. Qe6 Qxe6 38. Bxe6 Bd4 39. Ke2 Bxc5 40. h3 Kg7 41. g4 Kf6 42. gxf5 gxf5 43. Bc4 a5 44. Kf3 Bc8 45. h4 Be6 46. Bd3 Kg6 47. Be2 Bd6 48. Kg2 f4 49. Bd1 Be7 50. Bc2+ Kh6 51. Kf3 Bd6 52. Bd3 Bd5+ 53. Kf2 Bc5+ 54. Kf1 f3 55. h5 f2 56. Be2 Be6 57. Bf3 Bh3+ 58. Bg2 Bxg2+ 59. Kxg2 Kxh5 60. Kf1 Kh4 61. Kg2 Kg4 62. a3 h5 63. b4 axb4 64. axb4 Bb6 65. b5 cxb5 66. Kh2 h4 67. Kg2 h3+ 68. Kh2 Kg5 69. Kg3 f1=Q 70. Kh2 Qg2# 0-1

[Event "Spring Open 2024"]
[Site "?"]
[Date "2024.02.17"]
[Round "2"]
[White "Belochkin, David"]
[Black "Norris, David"]
[Result "1-0"]
[WhiteElo "1217"]
[BlackElo "1556"]
[PlyCount "95"]
[SourceVersionDate "2024.04.17"]

1. d4 Nf6 2. Bf4 c5 3. e3 Qb6 4. b3 Nd5 5. Bg3 Nc6 6. c4 Qb4+ 7. Qd2 Nf6 8. d5 Qxd2+ 9. Nxd2 Nb4 10. O-O-O Nxa2+ 11. Kb2 Nb4 12. e4 a5 13. e5 Nh5 14. Ne4 Nxg3 15. hxg3 b6 16. Nc3 g6 17. Nb5 Kd8 18. f4 Ba6 19. Na3 Bg7 20. Nc2 d6 21. Nf3 h6 22. Nxb4 axb4 23. Bd3 Bc8 24. Rhe1 Bg4 25. Ra1 Rxa1 26. Kxa1 Bxf3 27. gxf3 g5 28. Kb1 gxf4 29. gxf4 h5 30. Bf5 h4 31. Bh3 dxe5 32. fxe5 Kc7 33. f4 Bh6 34. f5 Bf4 35. Re4 Bg3 36. f6 exf6 37. exf6 b5 38. Re7+ Kd6 39. Rxf7 Ke5 40. cxb5 Kxd5 41. Re7 Rf8 42. f7 Kd6 43. Rd7+ Ke5 44. Rc7 Kd4 45. b6 Bxc7 46. bxc7 Kc3 47. c8=Q Rxc8 48. Bxc8 1-0

[Event "Spring Open 2024"]
[Site "?"]
[Date "2024.02.17"]
[Round "2"]
[White "Mckenna, Joshua"]
[Black "Richards, Gareth"]
[Result "0-1"]
[WhiteElo "1534"]
[BlackElo "1146"]
[PlyCount "58"]
[SourceVersionDate "2024.04.17"]

1. e4 g6 2. d4 Bg7 3. Nc3 e5 4. dxe5 Bxe5 5. Bd2 Ne7 6. Nf3 Bg7 7. Bd3 Nbc6 8. Qe2 O-O 9. O-O-O d5 10. Nxd5 Nxd5 11. exd5 Qxd5 12. Bc4 Qh5 13. h3 Na5 14. Bb4 Nxc4 15. Qxc4 Be6 16. Qe2 Rfe8 17. Qf1 a5 18. Bd2 Bxa2 19. Bg5 Bh6 20. Qb5 f6 21. Rd5 c6 22. g4 cxb5 23. gxh5 Bxd5 24. Bxh6 Bxf3 25. Rg1 Bxh5 26. Be3 Rad8 27. Bb6 Rd6 28. Bxa5 Ra8 29. b4 b6 0-1

[Event "Spring Open 2024"]
[Site "?"]
[Date "2024.02.17"]
[Round "2"]
[White "Teisar, Vince"]
[Black "Prabhu, Suraj"]
[Result "0-1"]
[WhiteElo "1200"]
[BlackElo "1526"]
[PlyCount "78"]
[SourceVersionDate "2024.04.17"]

1. d4 Nf6 2. Bf4 c5 3. d5 d6 4. Nc3 a6 5. a4 g6 6. e4 Bg7 7. Qd2 O-O 8. Nf3 Nbd7 9. h4 h5 10. Be2 Ng4 11. Ng5 Nde5 12. f3 Nf6 13. Rg1 Qb6 14. Bxe5 dxe5 15. O-O-O Qd6 16. g4 Bd7 17. gxh5 Nxh5 18. b3 Bh6 19. Kb2 f6 20. Nf7 Bxd2 21. Nxd6 Bxc3+ 22. Kxc3 exd6 23. Rxg6+ Kf7 24. Rh6 Rh8 25. Rxh8 Rxh8 26. Rh1 Ng3 27. Rh2 Nxe2+ 28. Rxe2 Rxh4 29. Kd2 f5 30. Rf2 f4 31. a5 Rh1 32. Kc3 Bh3 33. b4 cxb4+ 34. Kxb4 Rf1 35. Rh2 Rxf3 36. c4 Rg3 37. c5 Ke7 38. c6 bxc6 39. dxc6 Kd8 0-1

[Event "Spring Open 2024"]
[Site "?"]
[Date "2024.02.17"]
[Round "2"]
[White "Hurn, Robert"]
[Black "Thompson, Chris"]
[Result "1-0"]
[WhiteElo "1513"]
[BlackElo "1009"]
[PlyCount "53"]
[SourceVersionDate "2024.04.17"]

1. d4 c6 2. c4 d5 3. Nc3 Bf5 4. cxd5 cxd5 5. Qb3 e6 6. Qxb7 Nd7 7. e3 Bd6 8. Bb5 Ngf6 9. Nf3 O-O 10. O-O Nb6 11. Qa6 Qc7 12. h3 Ne4 13. Bd2 Bb4 14. Rac1 e5 15. Be2 Bc8 16. Qb5 a5 17. Nxe4 Ba6 18. Rxc7 Bxb5 19. Bxb5 dxe4 20. Bxb4 axb4 21. Nxe5 Rxa2 22. b3 f6 23. Nd7 Nxd7 24. Rxd7 h6 25. Rc1 Raa8 26. Rcc7 Rac8 27. Rxg7+ 1-0

[Event "Spring Open 2024"]
[Site "?"]
[Date "2024.02.17"]
[Round "2"]
[White "Hill, Glyn"]
[Black "Williams, Stephen"]
[Result "0-1"]
[WhiteElo "1057"]
[BlackElo "1506"]
[PlyCount "108"]
[SourceVersionDate "2024.04.17"]

1. Nf3 e6 2. Nc3 f5 3. e4 fxe4 4. Nxe4 Nf6 5. d3 Nc6 6. c3 h6 7. Be2 b6 8. Qa4 Bb7 9. O-O Qe7 10. Be3 O-O-O 11. Nd4 Kb8 12. Bf3 Ne5 13. Nxf6 Nxf3+ 14. Nxf3 Qxf6 15. Qf4 Qxf4 16. Bxf4 Be7 17. Nd4 Bf6 18. Rfe1 Rde8 19. Be5 Rhf8 20. Nb5 Bxe5 21. Rxe5 d6 22. Re3 e5 23. d4 a6 24. Na3 exd4 25. Rxe8+ Rxe8 26. cxd4 Re4 27. Rd1 Bd5 28. b3 b5 29. Nc2 a5 30. b4 Bxa2 31. bxa5 Bb3 32. f3 Bxc2 33. Rc1 Re2 34. Kf1 Bd3 35. Rd1 Rd2+ 36. Ke1 Rxd1+ 37. Kxd1 Ka7 38. g4 Ka6 39. Kd2 Bc4 40. Kc3 Kxa5 41. f4 Bd5 42. g5 b4+ 43. Kb2 Kb5 44. gxh6 gxh6 45. f5 Kc4 46. f6 Kxd4 47. Kc2 b3+ 48. Kb2 c5 49. h3 c4 50. h4 Kd3 51. h5 Kd2 52. f7 Bxf7 53. Ka1 c3 54. Kb1 c2+ 0-1

[Event "Spring Open 2024"]
[Site "?"]
[Date "2024.02.17"]
[Round "2"]
[White "Rhydderch, Sam"]
[Black "Wilkins, Zach"]
[Result "0-1"]
[WhiteElo "894"]
[BlackElo "1367"]
[PlyCount "48"]
[SourceVersionDate "2024.04.17"]

1. e4 e5 2. Nf3 Nc6 3. Bb5 a6 4. Ba4 d6 5. O-O Nf6 6. Re1 Bd7 7. d4 b5 8. Bb3 Nxd4 9. Nxd4 exd4 10. Qxd4 c5 11. Bxf7+ Kxf7 12. Qc3 Be7 13. Bf4 Re8 14. e5 Nd5 15. Qf3 Nxf4 16. Qxf4+ Kg8 17. e6 Bc6 18. Re3 Bg5 19. Qf7+ Kh8 20. Rg3 Qf6 21. Qxf6 Bxf6 22. Re3 Bxb2 23. f4 Bxa1 24. f5 Bd4 0-1

[Event "Spring Open 2024"]
[Site "?"]
[Date "2024.02.17"]
[Round "2"]
[White "Williams, John"]
[Black "Gedara, Thinuli"]
[Result "1-0"]
[WhiteElo "1348"]
[BlackElo "850"]
[PlyCount "93"]
[SourceVersionDate "2024.04.17"]

1. b3 e5 2. Bb2 Nc6 3. e3 Nf6 4. Nf3 Bc5 5. Nxe5 O-O 6. Nxc6 bxc6 7. d4 Bb4+ 8. c3 Be7 9. Nd2 c5 10. Bd3 cxd4 11. cxd4 Nd5 12. Bxh7+ Kxh7 13. Qh5+ Kg8 14. Qxd5 c6 15. Qc4 d5 16. Qxc6 Bd7 17. Qxd5 Bb4 18. Rd1 Be6 19. Qxd8 Rfxd8 20. Ke2 Bg4+ 21. f3 Bf5 22. e4 Bd7 23. Rc1 Bb5+ 24. Ke3 Rac8 25. Rxc8 Rxc8 26. Rc1 Re8 27. Rc7 a5 28. Nc4 Ba6 29. d5 Rc8 30. Rxc8+ Bxc8 31. a3 Bc5+ 32. Bd4 Be7 33. Nxa5 Bxa3 34. Nc6 Ba6 35. b4 Bc1+ 36. Kf2 Bf4 37. e5 Bxh2 38. d6 Bb7 39. d7 Bxc6 40. d8=Q+ Kh7 41. Qh4+ Kg8 42. Qxh2 Bd7 43. e6 Bxe6 44. Qg3 g6 45. Qe5 Kf8 46. Qf6 g5 47. Qd8# 1-0

[Event "Spring Open 2024"]
[Site "?"]
[Date "2024.02.17"]
[Round "3"]
[White "Rathbone-Jones, Ifan"]
[Black "Camacho Collados, Jose"]
[Result "0-1"]
[WhiteElo "1941"]
[BlackElo "2371"]
[PlyCount "76"]
[SourceVersionDate "2024.04.19"]

1. d4 b6 2. Bf4 Nf6 3. Nd2 Nh5 4. Bg5 h6 5. Bh4 Bb7 6. e4 g6 7. Be2 Nf4 8. Bf3 Bg7 9. Bg3 Ne6 10. c3 Ng5 11. Qc2 c5 12. e5 Nxf3+ 13. Ngxf3 cxd4 14. cxd4 Nc6 15. O-O O-O 16. a3 Rc8 17. Qd3 Nb8 18. Rfe1 d6 19. Nh4 dxe5 20. Bxe5 e6 21. Qg3 Nc6 22. Bxg7 Kxg7 23. Rxe6 Qg5 24. Re3 Nxd4 25. Rb1 Rfd8 26. Qxg5 hxg5 27. Nhf3 Nf5 28. Nf1 Nxe3 29. Nxe3 Be4 30. Re1 Bxf3 31. gxf3 Rd2 32. Rb1 f5 33. Kg2 b5 34. b3 Rc3 35. Kf1 f4 36. Ng4 Rxf3 37. Rc1 Rfd3 38. Ke1 f3 0-1

[Event "Spring Open 2024"]
[Site "?"]
[Date "2024.02.17"]
[Round "3"]
[White "Bullen, Alex"]
[Black "Cave, Iwan"]
[Result "1/2-1/2"]
[WhiteElo "2147"]
[BlackElo "1970"]
[PlyCount "93"]
[SourceVersionDate "2024.04.19"]

1. d4 Nf6 2. Nf3 d5 3. c3 e6 4. Bg5 Be7 5. e3 Nbd7 6. Nbd2 c5 7. Bd3 O-O 8. O-O b6 9. Ne5 Bb7 10. Qf3 h6 11. Bf4 Bd6 12. Nxd7 Qxd7 13. Bxh6 Ne4 14. Bxg7 f5 15. Bxf8 Nxd2 16. Qe2 Bxh2+ 17. Kxh2 Nxf1+ 18. Rxf1 Qh7+ 19. Kg1 Rxf8 20. Qf3 Kf7 21. Qg3 Rh8 22. Qc7+ Kf6 23. Qxh7 Rxh7 24. f4 Bc6 25. g4 c4 26. g5+ Kg7 27. Bc2 b5 28. Kg2 a5 29. b3 b4 30. Rh1 Rxh1 31. Kxh1 bxc3 32. Kg1 Kg6 33. Kf2 Bb5 34. Ke1 Kh5 35. Bd1+ Kg6 36. bxc4 Bxc4 37. Bb3 Bb5 38. a3 Kh5 39. Kd1 Kg4 40. Kc1 Be8 41. Bd1+ Kg3 42. Kc2 Kf2 43. Kd3 Bg6 44. Ba4 Bf7 45. Bd1 Bg6 46. Bb3 Be8 47. Bd1 1/2-1/2

[Event "Spring Open 2024"]
[Site "?"]
[Date "2024.02.17"]
[Round "3"]
[White "Forsey, Tomas"]
[Black "Fathallah, Joe"]
[Result "0-1"]
[WhiteElo "1502"]
[BlackElo "2007"]
[PlyCount "62"]
[SourceVersionDate "2024.04.19"]

1. c4 e5 2. Nc3 Nc6 3. a3 g6 4. g3 Bg7 5. Bg2 d6 6. e4 f5 7. exf5 Bxf5 8. d3 Nf6 9. h3 Qd7 10. g4 Be6 11. Bg5 O-O 12. Nd5 Nd4 13. Nxf6+ Bxf6 14. Bxf6 Rxf6 15. Nf3 Nxf3+ 16. Bxf3 Raf8 17. Be2 Rxf2 18. Rf1 Rxf1+ 19. Bxf1 Qe7 20. Qe2 Qh4+ 21. Kd1 Rf2 22. Qe1 Qf6 23. Be2 Qf4 24. b4 b5 25. Rb1 bxc4 26. dxc4 Qd4+ 27. Qd2 Qxd2+ 28. Kxd2 Bxc4 29. Re1 Rxe2+ 30. Rxe2 Bxe2 31. Kxe2 d5 0-1

[Event "Spring Open 2024"]
[Site "?"]
[Date "2024.02.17"]
[Round "3"]
[White "Tapp, James"]
[Black "Jukes, Sam"]
[Result "1/2-1/2"]
[WhiteElo "1991"]
[BlackElo "1891"]
[PlyCount "102"]
[SourceVersionDate "2024.04.19"]

1. d4 Nf6 2. g3 e6 3. Bg2 d5 4. Nf3 c5 5. c4 cxd4 6. cxd5 Qxd5 7. Qxd4 Nc6 8. Qxd5 Nxd5 9. a3 Bc5 10. e4 Nb6 11. b4 Bd6 12. Bb2 e5 13. Nc3 f6 14. O-O-O Ke7 15. Nd5+ Nxd5 16. Rxd5 Be6 17. Rd2 Rhd8 18. Rhd1 Bb3 19. Re1 b5 20. Bf1 a5 21. Re3 Ba4 22. Rc3 Rac8 23. bxa5 Nxa5 24. Kb1 Rxc3 25. Bxc3 Nb3 26. Rd5 Rc8 27. Bb2 Bc5 28. Nd2 Nd4 29. Bd3 h5 30. f4 Nb3 31. Nf3 exf4 32. gxf4 b4 33. axb4 Bxb4 34. Bb5 Bxb5 35. Rxb5 Rc4 36. Rxb4 Rxb4 37. Ba3 Nd2+ 38. Kc2 Nxf3 39. Bxb4+ Kf7 40. f5 Nxh2 41. Kd3 Ng4 42. Be1 Ne5+ 43. Ke3 Nc4+ 44. Kf4 Nd6 45. e5 fxe5+ 46. Kxe5 Ne8 47. Kf4 Nf6 48. Kg5 Ke7 49. Kg6 Kf8 50. Bb4+ Kg8 51. Be1 Nd5 1/2-1/2

[Event "Spring Open 2024"]
[Site "?"]
[Date "2024.02.17"]
[Round "3"]
[White "Enoch, Stuart"]
[Black "Moulson, Paul"]
[Result "1/2-1/2"]
[WhiteElo "1294"]
[BlackElo "1445"]
[PlyCount "72"]
[SourceVersionDate "2024.04.20"]

1. Nf3 Nf6 2. c4 Nc6 3. Nc3 e5 4. e4 Bb4 5. Qc2 d6 6. Be2 Bxc3 7. bxc3 Bg4 8. O-O O-O 9. a4 Nh5 10. d3 f5 11. h3 Bxf3 12. Bxf3 Qh4 13. exf5 Rxf5 14. Be4 Rf7 15. Bd5 Raf8 16. Be3 Kh8 17. Bxf7 Rxf7 18. Qd2 h6 19. d4 e4 20. Qe2 Nf6 21. d5 Ne5 22. Bd4 Nf3+ 23. Kh1 Ng4 24. Ra2 Rf5 25. Be3 Rh5 26. Bf4 Nxf2+ 27. Rxf2 Qxf4 28. gxf3 Rxh3+ 29. Rh2 Qc1+ 30. Kg2 exf3+ 31. Qxf3 Rxf3 32. Kxf3 Qxc3+ 33. Ke4 Qe5+ 34. Kd3 Qg3+ 35. Kd4 Qe5+ 36. Kd3 Qg3+ 1/2-1/2

[Event "Spring Open 2024"]
[Site "?"]
[Date "2024.02.17"]
[Round "3"]
[White "Turner, Joseph David"]
[Black "Havard, Gwyn"]
[Result "1-0"]
[WhiteElo "1847"]
[BlackElo "1841"]
[PlyCount "47"]
[SourceVersionDate "2024.04.20"]

1. e4 d5 2. exd5 Nf6 3. Be2 Nxd5 4. d4 Bf5 5. a3 e6 6. c4 Nf6 7. Nc3 Nc6 8. Nf3 g6 9. d5 exd5 10. cxd5 Ne7 11. Qd4 Bg7 12. Bg5 Nh5 13. Bb5+ Bd7 14. Qe3 f6 15. Bh6 O-O 16. Bxg7 Nf5 17. Qd2 Re8+ 18. Kf1 Nhxg7 19. Bd3 Nd6 20. h4 Bg4 21. Nh2 Bf5 22. g4 Ne4 23. Bxe4 Bxe4 24. f3 1-0

[Event "Spring Open 2024"]
[Site "?"]
[Date "2024.02.17"]
[Round "3"]
[White "Winter, Angus"]
[Black "Enoch, Kristan"]
[Result "1/2-1/2"]
[WhiteElo "1420"]
[BlackElo "1220"]
[PlyCount "69"]
[SourceVersionDate "2024.04.20"]

1. e4 e6 2. d4 d5 3. exd5 exd5 4. Nf3 Bd6 5. Bd3 Nf6 6. O-O O-O 7. Bg5 Bg4 8. Nbd2 Nbd7 9. c3 c6 10. h3 Bh5 11. Qc2 Qc7 12. Rfe1 Rfe8 13. Nh4 Bf4 14. Bxf4 Qxf4 15. Nhf3 b6 16. c4 c5 17. cxd5 cxd4 18. Bc4 Rxe1+ 19. Rxe1 Rc8 20. Qa4 Bxf3 21. Nxf3 d3 22. Bb3 Qxa4 23. Bxa4 Nc5 24. Bc6 g6 25. b4 Nce4 26. b5 d2 27. Rd1 Nxd5 28. Nxd2 Ndc3 29. Re1 Nxd2 30. Re7 Nc4 31. Rxa7 Na5 32. Ra6 Nc4 33. a4 Nb2 34. a5 Nxb5 35. Rxb6 1/2-1/2

[Event "Spring Open 2024"]
[Site "?"]
[Date "2024.02.17"]
[Round "3"]
[White "Tomaszewski, Tomasz"]
[Black "Westcott, Dale"]
[Result "0-1"]
[WhiteElo "1834"]
[BlackElo "1613"]
[PlyCount "70"]
[SourceVersionDate "2024.04.20"]

1. e4 c5 2. d4 cxd4 3. c3 dxc3 4. Nxc3 e6 5. Nf3 Nc6 6. Bc4 Bb4 7. O-O Nge7 8. Nb5 O-O 9. a3 Bc5 10. b4 d5 11. bxc5 dxc4 12. Qa4 Ng6 13. Rd1 Qa5 14. Qxc4 e5 15. Bd2 Be6 16. Qf1 Qa4 17. Nc3 Qc4 18. Qxc4 Bxc4 19. Nd5 Rfd8 20. Be3 f6 21. Rac1 Be2 22. Rd2 Bxf3 23. gxf3 Nh4 24. Kh1 Nxf3 25. Rd3 Ncd4 26. Bxd4 Nxd4 27. Rcd1 Kf7 28. f4 Rac8 29. fxe5 fxe5 30. Rf1+ Ke6 31. Rc3 Rf8 32. Rxf8 Rxf8 33. Nc7+ Kd7 34. Nd5 Rf2 35. Ne3 h5 0-1